Personality and Close Relationship Processes (Record no. 6366)

MARC details
005 - DATE AND TIME OF LATEST TRANSACTION
control field 20250629133739.0
020 ## - INTERNATIONAL STANDARD BOOK NUMBER
International Standard Book Number 978-1-107-10968-1
082 ## - DEWEY DECIMAL CLASSIFICATION NUMBER
Classification number 370 GAI
100 ## - MAIN ENTRY--PERSONAL NAME
Author name GAINES,S.O.
245 ## - TITLE STATEMENT
Title Personality and Close Relationship Processes
260 ## - PUBLICATION, DISTRIBUTION, ETC.
Place of publication, distribution, etc. London
Name of publisher, distributor, etc. Cambridge University Press
Date of publication, distribution, etc. 2016
300 ## - PHYSICAL DESCRIPTION
Extent xvi,242p.;ill,Figure
Other physical details Index
Dimensions 24cm.
942 ## - ADDED ENTRY ELEMENTS (KOHA)
Source of classification or shelving scheme Dewey Decimal Classification
Koha item type Books
Holdings
Date last seen Total checkouts Full call number Barcode Cost, replacement price Price effective from Koha item type Lost status Source of classification or shelving scheme Damaged status Not for loan Withdrawn status Home library Current library Shelving location Date acquired Source of acquisition Cost, normal purchase price
06/29/2025   270.GAI MZA0002832 150000.00 06/29/2020 Books   Dewey Decimal Classification       CBE Mwanza CBE Mwanza Special Reserve Collection 06/29/2020 Library Budget 50000.00